Statistics for Roman History Vocabulary

Click here to take the quiz!

General Stats

  • This quiz has been taken 30,583 times
  • The average score is 11 of 20

Answer Stats

Definition Word % Correct
Arena combatantGGladiator
95%
Highest body of
elected representatives
SSenate
89%
Formal robe, worn wrapped
around the body
TToga
87%
Channel or bridge used
to convey water
AAqueduct
83%
Unit of about 5,000 soldiersLLegion
81%
Execution on the crossCCrucifixion
73%
Uncivilized tribesmanBBarbarian
70%
Commander of 60-80 soldiers
(not actually 100)
CCenturion
69%
Middle of the monthIIdes
63%
Roman common personPPlebeian
61%
Market square of a Roman CityFForum
59%
Open-air venue with tiered seatingAAmphitheater
54%
Temple dedicated to
the worship of all gods
PPantheon
53%
Leadership of three menTTriumvirate
47%
One of two co-leaders of the
Roman Republic
CConsul
37%
Roman aristocratPPatrician
32%
Wild revelry for the god of wineBBacchanalia
32%
Official who represented the
common people
TTribune
24%
High priestPPontiff
17%
Official in charge of keeping
public morals
CCensor
17%

Score Distribution

Percentile by Number Answered

Percent of People with Each Score

Your Score History

You have not taken this quiz